[Event "20th Prague Open 2022"]
[Site "Prague"]
[Date "2022.01.10"]
[Round "5.13"]
[White "Hrabusa, Matej"]
[Black "Stanojevic, Ilija"]
[Result "1-0"]
[WhiteElo "2369"]
[BlackElo "2190"]
[Annotator "TA"]
[PlyCount "97"]
[EventDate "2022.01.07"]
[EventType "swiss"]
[EventCountry "CZE"]
[SourceTitle "playchess.com"]
[Source "ChessBase"]
[SourceQuality "1"]

{[%evp 10,97,50,36,65,34,52,52,56,45,51,55,54,58,46,25,62,67,76,73,126,73,72,69,211,152,177,52,36,37,139,141,178,147,145,140,127,18,28,0,0,0,0,0,244,104,110,109,106,106,98,111,104,100,287,226,210,219,218,214,205,218,220,202,288,264,367,363,456,417,1154,1116,2878,1839,29977,29978,6203,6187,29983,29982,29981,29982,29982,29983,29983,29984,29984,29984,29983,29983]} 1. d4 Nf6 2. Nf3 e6 3. g3 b6 4. Bg2 Bb7 5. c4 d6 6. O-O Nbd7 {6...Nbd7 is better than 6...Be7. E16: Queen's Indian: 4 g3 Bb7 5 Bg2 Bb4+.} 7. Re1 g6 8. Nc3 Bg7 {White is slightly better.} 9. e4 e5 10. b3 O-O 11. Bb2 Re8 12. Qc2 {[#]} a5 $146 ({Predecessor:} 12... c6 13. Rad1 Qc7 14. d5 cxd5 15. Nb5 Qb8 16. cxd5 Rc8 17. Qd2 a6 18. Na3 b5 {1-0 (43) Tica,S (2295)-Glavan,M (2006) Sv Filip i Jakov 2015}) 13. Rad1 exd4 14. Nxd4 Nc5 (14... c6 $142) 15. e5 (15. f4 $142) 15... Bxg2 $16 (15... Rxe5 16. Bxb7 Rxe1+ 17. Rxe1 $16) 16. Kxg2 Nh5 (16... Rxe5 $14 17. Nc6 Rxe1 18. Nxd8 Rxd1) 17. Nf3 Qc8 {[%cal Rd6e5]} 18. exd6 (18. Nd5 $18) 18... Nf4+ $1 $14 19. Kh1 {Active counter play!} Qh3 ({Black should try} 19... Qb7 $1 $14 20. Rxe8+ Rxe8) 20. Rg1 $1 $16 Qg4 {Prevents Ng5.} 21. Nh4 c6 {[%cal Oa8d8]} 22. f3 $1 (22. gxf4 $6 Qxh4 23. d7 Red8 $11) (22. d7 Red8 $16) 22... Qh5 {[%cal Oa8d8]} 23. d7 (23. gxf4 Qxh4 24. Rg4 (24. d7 Red8 $11) 24... Qh3 $14) (23. Ne4 $1 $16 Bxb2 24. Qxb2 Nxe4 25. fxe4 (25. gxf4 Qxh4 26. fxe4 Qxf4 $15)) 23... Red8 $11 {[%cal Oa8a7]} 24. Ne4 {Strongly threatening Bxg7.} Bxb2 25. Nxc5 ({Much weaker is} 25. gxf4 Nxe4 26. fxe4 (26. Qxb2 Qxh4 27. fxe4 Qxf4 $17) 26... Qxh4 $17) 25... Qxc5 26. Qxb2 Nh3 (26... Ne6 $11 {and Black stays safe.}) 27. Rg2 (27. Rgf1 $18) 27... Ra7 $16 28. Re2 {White wants to mate with Re8+.} ({Don't play} 28. Rgd2 $6 Raxd7 $1 29. Kg2 (29. Nxg6 $2 hxg6 30. Kg2 Rxd2+ 31. Rxd2 Rxd2+ 32. Qxd2 Ng5 $19) 29... Rxd2+ 30. Rxd2 Rxd2+ 31. Qxd2 Ng5 $11) 28... Raxd7 29. Rde1 {aiming for Re8+.} Qd4 {[#]} 30. Qxd4 $1 $40 {[%mdl 128] White is out for blood.} Rxd4 31. f4 {Inhibits Ng5.} h6 $2 (31... Nxf4 $16 32. gxf4 Rxf4) 32. Kg2 Nxf4+ 33. gxf4 Rxf4 34. Re8+ Rxe8 35. Rxe8+ $18 {[%mdl 4096] Endgame KRN-KR} Kg7 36. Nf3 b5 (36... c5 $142 37. Re7 g5) 37. c5 a4 38. Rd8 axb3 39. axb3 Rb4 (39... Re4 $142 40. Kf2 h5) 40. Nd4 Kf6 41. h4 {[%cal Bh2h4,Bh4h5][%mdl 32]} g5 42. Rd6+ Kg7 43. h5 {Kf3 would kill now.} Kh7 44. Kf3 {White mates.} f5 45. Ke3 f4+ 46. Kd3 f3 47. Rf6 g4 48. Rf7+ Kg8 49. Rf4 {Weighted Error Value: White=0.19 (very precise) /Black=0.65} 1-0

[Event "20th Prague Open 2022"]
[Site "Prague"]
[Date "2022.01.10"]
[Round "5.14"]
[White "Kulhanek, Tomas"]
[Black "Bodicky, Michal"]
[Result "1-0"]
[WhiteElo "2323"]
[BlackElo "2137"]
[Annotator "TA"]
[PlyCount "57"]
[EventDate "2022.01.07"]
[EventType "swiss"]
[EventCountry "CZE"]
[SourceTitle "playchess.com"]
[Source "ChessBase"]
[SourceQuality "1"]

{[%evp 11,57,10,13,16,16,8,35,37,33,29,29,27,38,24,57,46,54,51,45,22,128,131,127,125,125,83,258,247,584,514,647,626,768,754,912,933,1802,593,552,0,1827,1794,1725,1716,29993,29994,29994,29995]} 1. e4 c6 2. d4 d5 3. exd5 cxd5 4. Bd3 Nf6 5. c3 Bg4 6. Qb3 Qc7 7. Ne2 {B13: Caro-Kann: Exchange Variation and Panov-Botvinnik Attack.} Bxe2 8. Bxe2 {[%cal Oc1f4]} Nbd7 9. O-O {White is slightly better.} e6 10. Nd2 Bd6 11. Nf3 {[#]} h6 $146 ({Predecessor:} 11... O-O 12. Bd3 h6 13. Re1 Rfe8 14. g3 a6 15. a4 Rab8 16. a5 Rbd8 17. Bd2 Nb8 {0-1 (42) Kamsky,G (2665)-Sadhwani,R (2545) Chess.com INT 2021}) 12. Bd3 g5 13. g3 O-O-O 14. Re1 Kb8 15. a4 {[%cal Ba2a4,Ba4a5,Ba5a6][%mdl 32]} Ng4 (15... g4 $11 {keeps the balance.} 16. Nh4 Ka8) 16. a5 $16 Rde8 17. a6 b6 18. Bd2 (18. Qb5 $142) 18... f5 $2 (18... h5 $16 {might work better.}) 19. c4 $18 e5 $2 (19... f4 {is more resistant.}) 20. Bxf5 dxc4 21. Qb5 Ndf6 22. Rac1 e4 {[#]} 23. Rxc4 $1 Qf7 {[#]} (23... Qe7 24. h3) 24. Qc6 $1 Qc7 {[#]} (24... Qd5 25. h3) 25. Qb5 Qf7 {[#]} 26. Rec1 $1 {[%cal Od2b4] White threatens Bb4! and mate.} exf3 (26... e3 27. fxe3) 27. Qc6 {[%csl LRd6,LRf3][%cal Oc6c8] Qc8+! would kill now.} Bc5 28. Rxc5 bxc5 29. Rxc5 {Weighted Error Value: White=0.49/Black=0.78} 1-0

[Event "20th Prague Open 2022"]
[Site "Prague"]
[Date "2022.01.10"]
[Round "5.15"]
[White "Acor, Corey"]
[Black "Lacrosse, Marc"]
[Result "1-0"]
[WhiteElo "2303"]
[BlackElo "2035"]
[Annotator "TA"]
[PlyCount "76"]
[EventDate "2022.01.07"]
[EventType "swiss"]
[EventCountry "CZE"]
[SourceTitle "playchess.com"]
[Source "ChessBase"]
[SourceQuality "1"]

{[%evp 17,76,0,0,0,0,0,0,0,0,0,0,0,0,0,13,0,3,0,0,0,0,0,8,16,14,0,0,0,0,0,0,0,0,0,0,0,0,0,0,0,0,0,0,0,527,192,5222,5519,5393,5277,5308,5357,3241,2672,6172,5875,2546,2430,6427,12457,2558]} 1. e4 e5 2. Nf3 Nc6 3. Bc4 Bc5 4. c3 Nf6 5. d4 exd4 6. cxd4 Bb4+ 7. Bd2 Nxe4 8. Bxb4 Nxb4 9. Bxf7+ Kxf7 {[%cal Be8f7,Bf7f8,Bf8e7][%mdl 32]} 10. Qb3+ {C54: Giuoco Piano: 4 c3 Nf6, main lines with 5 d4 and 5 d3.} Kf8 {now scores much better than the old 10...d5.} 11. Qxb4+ Qe7 $1 12. Qxe7+ {The position is equal.} Kxe7 13. O-O Kd8 14. Re1 Nf6 15. Nc3 Rf8 16. Rac1 d6 17. h3 Bd7 18. d5 {[#]} h6 $146 ({Predecessor:} 18... a5 19. Nd4 Ra6 20. g4 Rb6 21. b3 Re8 22. Rxe8+ Nxe8 23. Re1 c5 24. dxc6 bxc6 {0-1 (35) Markun,B (2251)-Gregoric,A (2029) Ljubljana 2021}) 19. Nd4 Re8 20. Rxe8+ Nxe8 21. Re1 Nf6 22. Re3 a6 23. f4 {[%cal Bf2f4,Bf4f5,Bf5e6][%mdl 32]} c5 24. Ne6+ Bxe6 25. Rxe6 $11 {[%mdl 4096] Endgame KRN-KRN} Kd7 26. g4 Rb8 {[%cal Of6d5]} (26... Nxd5 $2 {[#]} 27. Nxd5 $1 Kxe6 28. Nc7+ Kd7 29. Nxa8 $18) 27. f5 b5 {[%cal Bb7b5,Bb5b4][%mdl 32]} 28. Kf2 b4 29. Ne4 Nxe4+ 30. Rxe4 {KR-KR} Re8 $2 {[%mdl 8192]} (30... b3 $11 31. a4 Re8) 31. Re6 $2 (31. Rxe8 {aiming for Rg8.} Kxe8 32. h4) 31... Rxe6 $2 (31... Rc8 32. Rg6 Ke7 33. Rxg7+ Kf6 34. Rg6+ Ke5 35. Rxh6 Kxd5) 32. fxe6+ $18 {KP-KP. White is clearly winning.} Ke7 33. h4 Kf6 34. Ke3 Ke7 35. Kd3 {[#] Strongly threatening Kc4.} Kf6 36. Kc4 Ke7 37. Kb3 Kd8 38. Ka4 {White threatens Ka5 and mate.} Ke7 {Weighted Error Value: White=0.18 (very precise) /Black=0.44} 1-0

[Event "20th Prague Open 2022"]
[Site "Prague"]
[Date "2022.01.10"]
[Round "5.16"]
[White "Soucek, Petr"]
[Black "Dev, Shah"]
[Result "1/2-1/2"]
[WhiteElo "2117"]
[BlackElo "2243"]
[Annotator "TA"]
[PlyCount "57"]
[EventDate "2022.01.07"]
[EventType "swiss"]
[EventCountry "CZE"]
[SourceTitle "playchess.com"]
[Source "ChessBase"]
[SourceQuality "1"]

{[%evp 14,57,4,3,0,0,11,19,7,12,10,10,30,10,11,19,27,24,35,12,12,0,106,103,97,120,166,158,158,162,171,165,180,14,14,19,110,113,104,85,179,187,176,94,81,21]} 1. e4 e5 2. Nf3 Nc6 3. Nc3 Nf6 4. d4 exd4 5. Nxd4 Bb4 6. Nxc6 bxc6 7. Bd3 d5 8. exd5 O-O {C47: Scotch Four Knights and Four Knights with 4 g3.} 9. O-O Bg4 10. Ne2 cxd5 {The position is equal.} 11. h3 Bh5 12. c4 Re8 13. Qc2 Bxe2 14. Bxe2 d4 {[%cal Oe8e2]} 15. a3 Bf8 {[#]} 16. Bf3 $146 ({Predecessor:} 16. Rd1 Qd7 17. Be3 c5 18. Bf3 Rab8 19. Bg5 Qe6 20. Bxf6 Qxf6 21. Re1 Bd6 22. Qa4 {0-1 (41) Thomas,T (1958)-Kusa,J (2280) Prague 2021}) 16... Rb8 17. Bf4 {[%cal Bc1f4,Bf4c7,Bc7b6,Bb6e3][%mdl 32]} a5 (17... d3 $11 18. Qc3 Bd6 19. Bxd6 Qxd6) 18. Rad1 $1 $16 {White is more active.} Bc5 19. Qf5 Bf8 (19... Qe7 $16 {might work better.}) 20. Qxa5 $18 Rxb2 21. Bxc7 Qd7 22. Bb6 $1 {This bishop pair is nice.} d3 23. c5 $2 ({White should play} 23. Be3 $18) 23... Qd4 $1 $11 24. Rb1 Rc2 (24... Rxb1 $1 $11 {remains equal.} 25. Rxb1 Nd5) 25. c6 $1 $16 Qc4 26. Rfd1 {To avoid d2. Strongly threatening Qb5.} Bd6 (26... Ne4 $16 {was called for.}) 27. Be3 $1 $18 Ne4 {[%cal Oe4f2] [#]} 28. Bxe4 ({White should try} 28. Qf5 $1 $18 {Hoping for Bxe4.} g6 29. Qd7 Qxc6 30. Qxc6 Rxc6 31. Rxd3) 28... Qxe4 $16 {[#]} 29. Qb5 {Weighted Error Value: White=0.17 (very precise) /Black=0.23 (precise)} (29. Rb3 $1 $16) 1/2-1/2

[Event "20th Prague Open 2022"]
[Site "Prague"]
[Date "2022.01.10"]
[Round "5.17"]
[White "Torngren, Gustav"]
[Black "Lorans, Sylvain"]
[Result "1-0"]
[WhiteElo "2228"]
[BlackElo "2110"]
[Annotator "TA"]
[PlyCount "63"]
[EventDate "2022.01.07"]
[EventType "swiss"]
[EventCountry "CZE"]
[SourceTitle "playchess.com"]
[Source "ChessBase"]
[SourceQuality "1"]

{[%evp 9,63,5,22,17,53,50,45,46,56,39,50,43,112,113,126,119,172,160,160,166,167,157,158,154,232,217,232,213,233,206,231,219,322,306,360,112,114,0,363,354,345,368,335,330,625,628,850,815,727,394,907,906,2779,2667,1900,1746]} 1. c4 e5 2. Nc3 Nf6 3. e3 Bb4 4. Qb3 Bxc3 5. Qxc3 Nc6 6. b4 {[%cal Bb2b4,Bb4b5][%mdl 32] [#] A22: English Opening: 1...e5 2 Nc3 Nf6.} d5 $146 ({Predecessor:} 6... d6 7. Bb2 O-O 8. Nf3 Bg4 9. b5 Ne7 10. d4 e4 11. Nd2 Ng6 12. h3 Bd7 {1-0 (55) Korobov,A (2695)-Tari,A (2597) Dubai 2017}) 7. b5 $1 d4 8. Qa3 {White is slightly better.} Ne7 9. Nf3 dxe3 10. dxe3 Bg4 {[#]} (10... e4 $1 $14) 11. Bb2 $1 $16 Bxf3 12. gxf3 Ng6 (12... Qd6 $16) 13. Rd1 $18 Qe7 14. Qxe7+ Kxe7 15. Ba3+ Ke8 16. Bh3 Rd8 (16... h5 $16 17. Bb4 h4) 17. Ke2 Nf8 18. Rxd8+ Kxd8 19. Rg1 Ke8 20. Bb2 ({Don't do} 20. Rxg7 $6 Ng6) 20... Ng6 (20... Ke7 {might work better.} 21. Bxe5 (21. Rxg7 Ng6 $16) 21... Ne6) 21. Rd1 b6 22. Bf5 $2 (22. Rd3 $18 {has better winning chances.}) 22... Ne7 $16 23. Bh3 {White is much more active. Black has bad knights. A strong pair of Bishops.} (23. Bc2 $16 Nd7 24. Rg1) 23... Ng6 $18 24. Rd3 Ke7 25. Ba3+ Ke8 26. Bb4 {[#] Threatens to win with Ra3.} e4 $2 (26... Nf8 27. Ra3 Ne6 28. Rxa7 Kd7) 27. fxe4 Ne5 28. Ra3 c5 29. Rxa7 Rf8 $2 (29... cxb4 30. Ra8+ Ke7 31. Rxh8 Nxe4 32. Rxh7 g6) 30. Bc3 {White is clearly winning.} Neg4 31. Bxg4 Nxg4 32. Bxg7 {Weighted Error Value: White=0.32/Black=0.46} 1-0

[Event "20th Prague Open 2022"]
[Site "Prague"]
[Date "2022.01.10"]
[Round "5.18"]
[White "Sorm, Daniel"]
[Black "Mizicka, Matus"]
[Result "1-0"]
[WhiteElo "2348"]
[BlackElo "1818"]
[Annotator "TA"]
[PlyCount "117"]
[EventDate "2022.01.07"]
[EventType "swiss"]
[EventCountry "CZE"]
[SourceTitle "playchess.com"]
[Source "ChessBase"]
[SourceQuality "1"]

{[%evp 10,117,52,27,35,17,18,14,29,8,33,-12,-3,-7,-6,-26,31,8,48,31,10,0,0,0,0,17,15,13,19,14,13,11,24,7,23,0,38,21,37,35,23,-25,-10,-24,10,-22,-16,-12,-7,-87,-19,-20,0,-77,-34,-41,0,0,100,91,110,57,65,55,95,109,82,62,98,49,53,50,242,175,307,292,654,379,372,143,108,98,342,372,439,373,925,929,885,913,912,857,1482,1047,29970,29970,4770,1832,1814,1722,1577,1590,29973,29974,29973,29972,12832,11272,29987,29988]} 1. d4 Nf6 2. c4 g6 3. Nc3 Bg7 4. e4 d6 5. h3 Nbd7 6. Bg5 c6 {E71: King's Indian: 4 e4 d6 5 h3.} 7. Qd2 O-O 8. Bd3 e5 {The position is equal.} 9. d5 Qc7 {[#]} 10. g4 $146 (10. Nge2 $14 {is superior.}) ({Predecessor:} 10. Nge2 a6 11. a4 Nc5 12. Bc2 a5 13. g4 Ne8 14. Ng3 Na6 15. Rd1 Nb4 16. Bb1 {1-0 (30) Lehmann,H (2175)-Mecklenburg,R Germany 1997}) 10... Nc5 11. Bc2 cxd5 12. cxd5 a6 (12... a5 $1 $11) 13. Nge2 $14 b5 14. a3 Rb8 15. b4 Ncd7 16. f3 Nb6 17. Bd3 Bd7 18. Kf2 Nc4 19. Bxc4 bxc4 20. Rab1 Rb7 21. Rb2 Rfb8 22. Rhb1 Be8 23. Be3 Nd7 24. a4 {[%cal Ba3a4,Ba4a5][%mdl 32]} Bf6 25. g5 (25. Kg2 $142) 25... Bd8 $11 26. Kg2 Nb6 (26... f5 {is interesting.} 27. f4 exf4 28. Nxf4 Ne5 29. Ne6 Qd7) 27. a5 Na4 28. Nxa4 Bxa4 29. Rc1 (29. f4 $11) 29... Bb5 {This bishop pair is nice.} (29... Qc8 $17 {Strongly threatening ...Bd7.} 30. Rcb1 Bd7) 30. h4 Qc8 31. Qe1 (31. Rbc2 $11) 31... Ba4 ({Black should play} 31... Be8 $17) 32. Bd2 $15 Bb5 (32... f6 $15 {was preferrable.}) 33. Qg3 Be7 {[#]} (33... f5 $11 {keeps the balance.}) 34. Bc3 $1 $16 Bf8 35. h5 {White is more active.} (35. f4 $16) 35... Bg7 $14 36. Rh1 Re7 37. Qh4 {And now hxg6 would win.} Bh8 38. Rbb1 Qd7 39. Rh3 (39. Bd2 $16) 39... Qa7 40. f4 exf4 $2 ({Black should try} 40... Bd7 $14 41. Rf3 exf4 42. hxg6 fxg6) 41. Bxh8 $18 ({Inferior is} 41. Qxf4 Be5 42. Bxe5 Rxe5 $11) 41... Kxh8 (41... Rxe4 {might work better.} 42. Nxf4 Bd7) 42. Qxf4 {Qf6+ would kill now.} f5 $2 (42... Kg8 43. h6 f6) 43. gxf6 g5 44. Qe3 $40 {[%mdl 128] White has strong attack.} (44. Qxd6 $18 Rxe4 45. Nc3) 44... Qxe3 $16 45. Rxe3 Re5 (45... Rf7 $16 {was called for.}) 46. Nd4 $18 Bd7 47. Nf3 h6 $2 (47... Ree8 48. Nxg5 Rf8) 48. Nxe5 dxe5 {[%mdl 4096] Endgame KRR-KRB} 49. Rc3 Rc8 50. Rf1 Bg4 51. f7 Kg7 {[#]} 52. Rxc4 $1 {[%mdl 512]} Rf8 (52... Rd8 53. Rc6) 53. Rc6 Bxh5 54. Re6 Be2 55. Rf2 Bd3 56. Rxe5 Rxf7 57. Rxf7+ Kxf7 58. d6 {Intending d7 and mate.} Bb5 {[#]} 59. Rxb5 $1 {Weighted Error Value: White=0.29 (precise) /Black=0.66} 1-0

[Event "20th Prague Open 2022"]
[Site "Prague"]
[Date "2022.01.10"]
[Round "5.19"]
[White "Urkedal, Frode Olav Olsen"]
[Black "Zysko, Jan"]
[Result "1-0"]
[WhiteElo "2553"]
[BlackElo "2092"]
[Annotator "TA"]
[PlyCount "83"]
[EventDate "2022.01.07"]
[EventType "swiss"]
[EventCountry "CZE"]
[SourceTitle "playchess.com"]
[Source "ChessBase"]
[SourceQuality "1"]

{[%evp 10,83,22,22,23,21,28,10,43,17,33,18,29,25,35,18,18,23,45,32,39,14,7,16,12,6,29,26,25,9,15,13,9,-1,21,28,36,42,41,21,20,7,12,16,15,13,19,9,40,13,14,13,33,34,45,28,129,0,37,54,63,50,54,47,89,48,317,284,266,272,263,270,398,398,2265,2034]} 1. d4 d5 2. c4 c6 3. Nf3 Nf6 4. e3 e6 5. Nbd2 Nbd7 6. b3 Be7 {D30: Queen's Gambit Declined: Systems without Nc3.} 7. Bb2 O-O 8. Bd3 dxc4 {The position is equal.} 9. Nxc4 c5 10. O-O b6 11. Qe2 Bb7 12. Rac1 Rc8 {[%cal Ba8c8,Bc8c7,Bc7d7][%mdl 32]} 13. Rfd1 {[#]} Rc7 $146 ({Predecessor:} 13... Bxf3 14. Qxf3 cxd4 15. exd4 Nd5 16. g3 a5 17. a3 Rc7 18. h4 N7f6 19. Ne5 Bd6 {½-½ (84) Tleptsok,R (2524)-Mannanov,R (2399) ICCF email 2018}) 14. dxc5 Bxc5 15. Nce5 Nxe5 16. Bxe5 {[%cal Od3h7] And now Bxh7+! would win.} Rd7 17. Ng5 {Bxf6 is the strong threat.} g6 $1 ({Much less strong is} 17... h6 18. Bxf6 gxf6 19. Nh7 $16) 18. Ba1 Be7 19. Bc4 {[%cal Og5e6] Black must now prevent Nxe6!} Rxd1+ 20. Rxd1 Qc8 21. Nf3 Qc6 22. Qb2 Rd8 23. Rxd8+ Bxd8 24. Bf1 Qd5 25. Be2 Be7 26. h3 h5 27. Ne1 Qa5 28. Kf1 Qd5 29. a4 Qd6 30. Kg1 Qb4 31. Nd3 Qe4 {[%csl Gb7][%cal Re4g2]} 32. Nf4 {Strongly threatening Bf3.} Qb4 {[#]} (32... Qf5 $11) 33. Nd3 (33. Qe5 $1 $16 {[%cal Re5b8] aiming for Qb8+.} Be4 34. Bf1 (34. Qb8+ Kg7 $16)) 33... Qe4 $14 {[%csl Gb7][%cal Re4g2]} 34. Bf1 Qd5 35. b4 {[%cal Bb3b4,Bb4b5][%mdl 32]} Kf8 36. f3 Bc6 (36... Qc6 $14 {is more appropriate.}) 37. Qc2 ({White should play} 37. e4 $16 Qd8 38. b5) 37... Nd7 $2 {[%mdl 8192] This move loses the game for Black.} (37... Bb7 $14) 38. e4 {[%cal Be3e4,Be4e5][%mdl 32]} Qd6 {[#]} 39. e5 $1 Qc7 40. b5 Bc5+ (40... Nc5 {keeps fighting.} 41. bxc6 Qxc6 42. Nxc5 Bxc5+ 43. Kh1 Qd5) 41. Nxc5 $18 Bd5 $2 {[#]} (41... Nxc5 42. bxc6 Qxc6) 42. Nxe6+ $1 {Weighted Error Value: White=0.11 (very precise) /Black=0.30} 1-0

[Event "20th Prague Open 2022"]
[Site "Prague"]
[Date "2022.01.10"]
[Round "5.20"]
[White "Janous, Marek"]
[Black "Unneland, Mathias"]
[Result "0-1"]
[WhiteElo "2078"]
[BlackElo "2262"]
[Annotator "TA"]
[PlyCount "72"]
[EventDate "2022.01.07"]
[EventType "swiss"]
[EventCountry "CZE"]
[SourceTitle "playchess.com"]
[Source "ChessBase"]
[SourceQuality "1"]

{[%evp 18,72,11,-18,-27,-20,41,34,58,17,18,17,23,20,19,11,16,-81,-74,-79,-79,-81,-75,-95,-61,-62,-60,-56,-63,-74,-68,-79,-38,-116,-108,-91,-30,-89,-89,-133,-87,-93,-93,-375,-370,-351,-383,-411,-395,-469,-460,-445,-445,-12836,-8559,-4794,-1216]} 1. e4 e5 2. Nf3 Nc6 3. d4 exd4 4. Nxd4 Nf6 {[%cal Bg8f6,Bf6d5,Bd5b6][%mdl 32]} 5. Nxc6 bxc6 6. e5 Qe7 7. Qe2 Nd5 8. c4 Ba6 9. Nd2 O-O-O 10. Qe4 Nb6 {C45: Scotch Game.} 11. b3 Re8 (11... d6 $11) 12. Bb2 $14 f6 {[%cal Rf6e5] White is slightly better.} 13. f4 (13. Be2 $14 {should be considered.}) 13... fxe5 $11 14. fxe5 g6 15. O-O-O Bg7 {[%cal Rg7e5] [#]} 16. Nf3 $146 ({Predecessor:} 16. Kb1 Bb7 17. Bd3 c5 18. Qe2 Qg5 19. Be4 Bxe4+ 20. Qxe4 Rhf8 21. Rhe1 Rf2 22. Re2 Rxe2 23. Qxe2 {½-½ (34) Zhang,J (2345)-Kovanova,B (2348) Novokuznetsk 2008}) 16... c5 17. Bd3 (17. Qg4 $11) 17... Bb7 $17 18. Qe1 Bxf3 19. gxf3 Bxe5 20. Be4 Qg5+ 21. Kb1 ({Don't blunder} 21. Qd2 $2 Bf4 22. Bxh8 Bxd2+ 23. Rxd2 Rxh8 $19) 21... Bxb2 22. Kxb2 c6 ({But not} 22... d5 23. cxd5 Rhf8 24. Qd2 Qxd2+ 25. Rxd2 $11) 23. Qa5 Kb8 24. Kb1 Re6 (24... Re5 $17 25. Rd6 Qe7) 25. Rc1 (25. h4 $15 Qe5 26. Bd3) 25... Qe7 26. Rhd1 Rf8 (26... Re5 $17 27. Rc2 Qe6) 27. a4 (27. Rd3 $1 $11 {remains equal.}) 27... Re5 28. Rc2 ({Better is} 28. Rd2) 28... g5 ({Black should try} 28... Rf6 29. Rcd2 d5) 29. h3 h5 {[%cal Og5g4,Bh7h5,Bh5g4,Bg4f3,Bf3f2][%mdl 32] ...g4! is the strong threat.} 30. Qc3 $2 {[%mdl 8192] Loses the game.} (30. Rcd2 $17) 30... g4 $19 31. hxg4 hxg4 32. a5 {[#]} gxf3 $1 33. axb6 {[%cal Od1d7] Threatens to win with Rxd7!} (33. Bd3 Nc8) 33... Rxe4 {Black is clearly winning.} 34. Qa5 d6 {Hoping for ...f2.} 35. Rxd6 (35. bxa7+ $142 Qxa7 36. Qxa7+ Kxa7 37. Kb2) 35... Re1+ 36. Ka2 f2 {Weighted Error Value: White=0.68/Black=0.13 (very precise)} 0-1

[Event "20th Prague Open 2022"]
[Site "Prague"]
[Date "2022.01.10"]
[Round "5.21"]
[White "Bomans, Arno"]
[Black "Yakimenko, Alexander A."]
[Result "1/2-1/2"]
[WhiteElo "2246"]
[BlackElo "2055"]
[Annotator "TA"]
[PlyCount "147"]
[EventDate "2022.01.07"]
[EventType "swiss"]
[EventCountry "CZE"]
[SourceTitle "playchess.com"]
[Source "ChessBase"]
[SourceQuality "1"]

{[%evp 15,147,20,56,52,62,21,21,26,20,20,18,22,32,18,28,26,27,0,0,0,1,-1,0,0,0,0,1,0,0,0,0,0,0,0,0,0,0,0,0,0,0,-7,-7,-7,-7,-52,0,0,0,0,0,0,0,0,0,0,0,0,0,0,0,0,62,0,0,0,0,0,0,0,0,0,49,49,49,49,49,49,49,35,96,74,96,49,49,49,49,49,49,49,49,49,56,56,56,49,56,56,56,56,56,56,56,56,56,56,56,49,115,49,49,49,49,49,49,49,50,55,56,0,49,20,20,0,93,20,20,20,20,20,20,12,24,0]} 1. Nf3 e6 2. c4 f5 3. g3 Nf6 4. Bg2 b6 5. O-O Bb7 6. d4 {[%cal Bd2d4,Bd4d5][%mdl 32]} Be7 7. d5 O-O 8. Nc3 Na6 9. Nd4 {[%cal Od5d6] [#] Black must now prevent d6! A84: Dutch Defence: 2 c4 Miscellaneous.} Qc8 10. Qc2 (10. Bf4 $14 {might be stronger.}) 10... Nb4 $11 {[%csl LRc2,LRd5] [#]} 11. Qb3 $146 {The position is equal.} ({Predecessor:} 11. Qd1 c5 12. Nc2 Nxc2 13. Qxc2 exd5 14. cxd5 d6 15. Bg5 Qd7 16. Rad1 Ng4 17. Bf4 {½-½ (29) Skatchkov,P (2491)-Galiev,A (2235) Uljanovsk 2009}) 11... c5 12. Nc2 exd5 13. Nxb4 cxb4 14. Nxd5 Nxd5 15. cxd5 {[#] Strongly threatening d6+.} Bc5 16. Bf4 d6 17. Bf3 Qd8 18. h4 Qd7 19. Qd1 Rae8 20. Qd2 a5 21. h5 h6 22. Kg2 Qf7 23. Rac1 Qf6 24. Rfd1 Ba6 25. e3 Re7 26. Rh1 Rfe8 27. Rh4 Kh8 28. Rch1 Bb5 29. Rg1 a4 30. Rhh1 (30. Be2 $11 Bxe2 31. Qxe2) 30... a3 (30... Bc4 $15) 31. b3 Ba6 32. Rc1 Bb5 33. Rhg1 Ba6 34. Kh1 Bb5 35. Rgd1 Ba6 36. Rc2 Bb5 37. Kg2 Ba6 38. Qc1 Bb5 (38... Kg8 $11) 39. Rdd2 (39. Qa1 $1 $14) 39... Ba6 40. Qh1 Bb5 41. Rd1 Ba6 42. Qh3 Bb5 43. Qh4 {And now Qxf6 would win.} Qxh4 (43... Qf7 $1 $11) 44. gxh4 $14 Rd8 45. Rcc1 Ba6 46. Rd2 Bb5 47. Bd1 Ba6 (47... Be8 $14) 48. Bc2 Rf7 49. Kf3 (49. Bd3 $16 Bc8 50. Bb5) 49... Bb5 50. Rg1 Rf6 51. Bd1 Rg8 52. Rg3 Be8 53. Kg2 Bb5 54. Bf3 Rgf8 55. Rd1 Kh7 56. Kh2 R6f7 57. Rg6 Rd8 58. Rd2 Kh8 59. Bd1 Kh7 60. Bc2 Kh8 61. Kg2 Ba6 (61... Be8 $14) 62. Kf3 (62. Bd3 $16 Bb7 63. Bc4) 62... Bb5 $1 63. Bd1 Be8 64. Rg3 Re7 65. Kg2 Bb5 66. Kh2 Rf7 67. Rg6 (67. Be2 $14 Be8 68. Rd1) 67... Re7 (67... Kh7 $1 $11) 68. Kg2 Rf7 69. Bc2 (69. Be2 $11 Be8 70. Kh1) 69... Ba6 $16 70. Rg3 ({White should play} 70. Bd3 $16 Bb7 71. Bc4) 70... Bb5 $11 71. Rf3 Rf6 72. Bd1 Be8 73. Rg3 Bb5 74. Bc2 {Weighted Error Value: White=0.05 (flawless) /Black=0.07 (flawless)} 1/2-1/2